|
|
|
|
| LEADER |
01520nam a2200361 a 4500 |
| 001 |
EBC3319948 |
| 003 |
MiAaPQ |
| 005 |
20200520144314.0 |
| 006 |
m o d | |
| 007 |
cr cn||||||||| |
| 008 |
120309s2010 gw a sb 100 0 ger d |
| 020 |
|
|
|z 9783899587609
|
| 020 |
|
|
|z 9783899587616 (e-book)
|
| 035 |
|
|
|a (MiAaPQ)EBC3319948
|
| 035 |
|
|
|a (Au-PeEL)EBL3319948
|
| 035 |
|
|
|a (CaPaEBR)ebr10534117
|
| 035 |
|
|
|a (OCoLC)929117863
|
| 040 |
|
|
|a MiAaPQ
|c MiAaPQ
|d MiAaPQ
|
| 050 |
|
4 |
|a HF1008
|b .N85 2010
|
| 111 |
2 |
|
|a Nukleus fur Solidarische-Okonomie der Universitat Kassel
|d (2010 :
|c Kassel, Germany)
|
| 245 |
1 |
0 |
|a Solidarische Netze und solidarische Ketten
|h [electronic resource] :
|b Komplexe solidarische Wirtschaftsunternehmen /
|c Clarita Muller-Plantenberg, Dieter Gawora (Organisatoren).
|
| 260 |
|
|
|a Kassel [Germany] :
|b Kassel University Press,
|c 2010.
|
| 300 |
|
|
|a 157 p. :
|b col. ill.
|
| 490 |
1 |
|
|a Entwicklungsperspektiven ;
|v Nr. 98
|
| 504 |
|
|
|a Includes bibliographical references.
|
| 533 |
|
|
|a Electronic reproduction. Ann Arbor, MI : ProQuest, 2015. Available via World Wide Web. Access may be limited to ProQuest affiliated libraries.
|
| 650 |
|
0 |
|a Business enterprises
|x Economic aspects
|v Congresses.
|
| 655 |
|
4 |
|a Electronic books.
|
| 700 |
1 |
|
|a Muller-Plantenberg, Clarita.
|
| 700 |
1 |
|
|a Gawora, Dieter.
|
| 710 |
2 |
|
|a ProQuest (Firm)
|
| 830 |
|
0 |
|a Entwicklungsperspektiven ;
|v Nr. 98.
|
| 856 |
4 |
0 |
|u https://ebookcentral.proquest.com/lib/matrademy/detail.action?docID=3319948
|z Click to View
|